The expectation of the poor/ (Record no. 9627)

MARC details
000 -LEADER
fixed length control field 00503nam a22001697a 4500
003 - CONTROL NUMBER IDENTIFIER
control field OSt
005 - DATE AND TIME OF LATEST TRANSACTION
control field 20260421094553.0
008 - FIXED-LENGTH DATA ELEMENTS--GENERAL INFORMATION
fixed length control field 260421b |||||||| |||| 00| 0 eng d
020 ## - INTERNATIONAL STANDARD BOOK NUMBER
International Standard Book Number 971-501-141-1(np)/142-x(b
040 ## - CATALOGING SOURCE
Original cataloging agency DWCL Main Lib.
Transcribing agency OC
082 ## - DEWEY DECIMAL CLASSIFICATION NUMBER
Classification number 243 C771e 1985
100 ## - MAIN ENTRY--PERSONAL NAME
Personal name Cook, Guillermo
245 ## - TITLE STATEMENT
Title The expectation of the poor/
Statement of responsibility, etc. Guillermo Cook
260 ## - PUBLICATION, DISTRIBUTION, ETC.
Place of publication, distribution, etc. Quezon city:
Name of publisher, distributor, etc. Claretian publications ;
Date of publication, distribution, etc. c. 1985.
300 ## - PHYSICAL DESCRIPTION
Extent xvii, 144 p ;
Dimensions 22 cm.
942 ## - ADDED ENTRY ELEMENTS (KOHA)
Source of classification or shelving scheme Dewey Decimal Classification
Koha item type Book-Filipiniana
Classification part Fil.
Suppress in OPAC No
952 ## - LOCATION AND ITEM INFORMATION (KOHA)
--
Holdings
Withdrawn status Lost status Source of classification or shelving scheme Damaged status Not for loan Home library Current library Shelving location Date acquired Total Checkouts Barcode Date last seen Copy number Price effective from Koha item type Uniform Resource Identifier
    Dewey Decimal Classification     College Library College Library Filipiniana 04/21/2026   CL29340 04/21/2026 c1 04/21/2026 BK - FIL